MARC

LEADER 00000nam0a2200000 4500
001 317324
005 20231102002949.0
035 |a (RuTPU)RU\TPU\book\342792 
090 |a 317324 
100 |a 20160407d1982 km y0rusy50 ca 
101 1 |a rus  |c eng 
102 |a RU 
105 |a a z 001zy 
200 1 |a Принципы структурной организации белков  |e пер. с англ.  |f Г. Е. Шульц, Р. Ширмер  |g под ред. Е. М. Попова ; пер. В. Е. Шкловера 
210 |a Москва  |c Мир  |d 1982 
215 |a 354 с.  |c ил. 
320 |a Библиогр.: с. 304-349 
606 1 |a Белки  |x Структура  |2 stltpush  |3 (RuTPU)RU\TPU\subj\28177  |9 51759 
610 1 |a структурная организация 
610 1 |a аминокислоты 
610 1 |a пептидные свяхи 
610 1 |a ковалентные взаимодействия 
610 1 |a ковалентная структура 
610 1 |a свертывание 
610 1 |a вторичная структура 
610 1 |a предсказание 
610 1 |a документация 
610 1 |a модели 
610 1 |a термодинамика 
610 1 |a кинетика 
610 1 |a эволюция 
610 1 |a взаимодействие 
610 1 |a лиганды 
610 1 |a статистическая механика 
675 |a 547.96  |v 4 
700 1 |a Шульц  |b Г. Е.  |g Георг Е. 
701 1 |a Ширмер  |b Р. 
702 1 |a Попов  |b Е. М.  |4 340 
702 1 |a Шкловер  |b В. Е.  |4 730 
801 1 |a RU  |b 63413507  |c 20160407 
801 2 |a RU  |b 63413507  |c 20200615  |g RCR 
942 |c BK